00652nam a2200121 a 450000100100000000500170001000800410002704000250006811000700009324502620016326000760042530000290050100003152520200930063006.0110523s1944 dr c 000 | spa d aDO-SdBNPbspacBNPHU1 aRepública Dominicana.bPresidente (1942-1952 : Trujillo Molina)10aDiscurso :bPronunciado por el excelentísimo señor Presidente de la República generalísimo Dr. Rafael Leónidas Trujillo Molina en el Altar de la Patria el día 27 de febrero de 1944 en ocasión del Primer Centenario de la Independencia Nacional. aCiudad Trujillo, República Dominicana :bImprenta la Nación,c1944. a24 p. :bretr. ;c21 cm.